| 000 | 00754nam a2200217 a 4500 | ||
|---|---|---|---|
| 005 | 20250513063840.0 | ||
| 008 | 160210s2014 es r 000 0 spa d | ||
| 020 | _a9788497991384 | ||
| 035 | _aUPN01000208083 | ||
| 049 | _aCG | ||
| 050 | 4 |
_aHV875 _bR6.3 |
|
| 100 | 1 |
_aRoqueta Sureda, María Assumpció, _d1951- _938377 |
|
| 245 | 1 | 0 |
_aFui adoptado ¿y qué? : _buna nueva mirada de la adopción desde un enfoque sistémico, comprensivo e integral / _cMa. Assumpció Roqueta Sureda. |
| 260 |
_aBarcelona, Esp. : _bMedici, _c2014. |
||
| 300 |
_a171 p. : _bil., cuadros |
||
| 650 | 4 |
_aADOPCION - _xASPECTOS PSICOLOGICOS _9201 |
|
| 650 | 2 |
_aVínculo _94292 |
|
| 650 | 2 |
_aResiliencia (Rasgo de la personalidad) _96115 |
|
| 905 | _aLibro | ||
| 999 |
_c180184 _d180184 |
||